Регионална библиотека "Любен Каравелов" - Русе

Риголето (Запис номер 447732)

MARC детайли
000 -Лидер
Контролно поле с фиксирана дължина 01015nam a2200253 a 4500
003 - Код на организацията, давaща контролен номер
Контролно поле BLK
005 - Дата и час на последна редакция
Контролно поле 20230628134255.0
008 - Елементи от данни с фиксирана дължина
fixed length control field 220302b bul|||||r ||||||| ||bul||
040 ## - Източник на каталожния запис
Идентификатор на билиотеката - собственик на записа BLK
041 ## - Код за език
Код за езика на текст/звукозапис или на отделно заглавие Български
Код за езика КДБФ Български
080 ## - УДК
Текстов определител УДК Театрална музика. Опера. Оперета. Балет
УДК код - определител по УДК 782
УДК определител (497.215)(062)
УДК - код + определител 782(497.215)(062)
110 ## - Редна дума - колетивен орган
9 (RLIN) 471265
Редна дума - наименование на организация или юридическо лице Държавна опера - Русе
139 ## - Редно поле
Авторски знак Дър - Д 96
245 10 - Сведения за заглавието
Заглавие Риголето
Подзаглавни данни Опера в 3 действия, 4 картини от Джузепе Верди
Физически носител (вид на носителя) [Малотир. изд.]
260 ## - Област на издателските данни
Място на издаване, разпространение и проч. Русе
Име на издателя, разпространителя и проч. б. и.
Година на издаване 1951
300 ## - Физическа характеристика
Страници 6 с.
Илюстрации и др. с ил.
Размери/Мащаб 20 см
380 ## - Жанр
Жанр Изкуство
500 ## - Общи забележки
Забележка Сезон 1951 - 1952<br/>Диригент Константин Илиев; Постановка Михаил х. Мишев
653 #0 - Ключова дума – ненормативна
9 (RLIN) 471045
Ключова дума Русенска опера
653 #7 - Ключова дума – ненормативна
9 (RLIN) 197100
Ключова дума спектакли
852 ## - Местоположение
Фондова буква Краезнание
Систематично-азбучна сигнатура К 78/Д 96
999 ## - СИСТЕМНИ КОНТРОЛНИ НОМЕРА
Koha biblionumber 447732
Koha biblioitemnumber 447732
942 ## - АРТИКУЛИ
Вид на библиотечния материал Книги
Скрит в OPAC Не
Периодичен библиозапис Да
Koha issues (borrowed), all copies 1
944 ## - СЪЗДАВАНЕ И РЕДАКЦИЯ на ЗАПИСА
Създаване/Редакция Създаване
Дата на регистрацията/редакция 2022-03-08
Служител, извършил регистрацията/редакцията Христина Везирева
Наличности
Код за отписване Код за изгубен артикул Източник на класификационната схема Код за повреда Коз за рестрикции Код за отдаване Артикулен № Име на библиотеката - собственик Име на библиотеката, в която се намира в момента Статус (Текущо местоположение) Дата на вписване в системата Местоположение - отдел Цена в лева Систематично азбучна сигнатура Баркод Цена в евро Служебен тип на артикула
  Не е изгубен Universal Decimal Classification Не е повреден само за читалня ползва се в читалня 876379 Регионална библиотека "Любен Каравелов" Русе Регионална библиотека "Любен Каравелов" Русе Краезнание 2022-03-17 Краезнание 1.00 К 78/Д 96 120000868799 0.51 Книги
Vip Innovations Ltd, Rousse, Bulgaria 2025